Tản Đà trong lòng thời đại Hồi ức, bình luận, tư liệu

Nội dung sách gồm hai phần. *) Phần thứ nhất: Tản Đà trong hồi ức những người đương thời. *) Phần thứ hai: Những suy nghĩ và bình luận chung quanh con người và tác phẩm của Tản Đà

保存先:
書誌詳細
第一著者: Nguyễn, Khắc Xương
フォーマット: 図書
言語:Undetermined
出版事項: Hà Nội Văn Học 1997
主題:
タグ: タグ追加
タグなし, このレコードへの初めてのタグを付けませんか!
Thư viện lưu trữ: Trung tâm Học liệu Trường Đại học Cần Thơ
LEADER 00986nam a2200217Ia 4500
001 CTU_22416
008 210402s9999 xx 000 0 und d
082 |a 809 
082 |b X561t 
100 |a Nguyễn, Khắc Xương 
245 0 |a Tản Đà trong lòng thời đại 
245 0 |b Hồi ức, bình luận, tư liệu 
245 0 |c Nguyễn Khắc Xương 
260 |a Hà Nội 
260 |b Văn Học 
260 |c 1997 
520 |a Nội dung sách gồm hai phần. *) Phần thứ nhất: Tản Đà trong hồi ức những người đương thời. *) Phần thứ hai: Những suy nghĩ và bình luận chung quanh con người và tác phẩm của Tản Đà 
526 |a Văn học Việt Nam hiện đại 1 (1900 - 1930) 
526 |b SG214 
650 |a vietnamese literature - 20th century - history and criticism 
980 |a Trung tâm Học liệu Trường Đại học Cần Thơ